000 00674nam a2200229Ia 4500
003 OSt
005 20220925223822.0
006 a|||||r|||| 00| 0
007 ta
008 220923b |||||||| |||| 00| 0 eng d
037 _cGeneral Book
040 _aRTL
_cRTL
_beng
041 _2eng
_aeng
082 _aX0aY, J6
100 _aPARSONS Tallcot
_9290388
245 0 _aEconomy and Society
_b A study in the integration of economic and social theory
260 _aLondon
_bRoutledge
_c1956
300 _axxi,322p
_ccm.
700 _a SMELSER Neil J
942 _hX0aY, J6
_cGB
_2CC
999 _c580467
_d580467